<?xml version="1.0" encoding="UTF-8"?>
<collection xmlns="http://www.loc.gov/MARC21/slim">
<record>
  <controlfield tag="001">164986</controlfield>
  <controlfield tag="005">20251204150238.0</controlfield>
  <datafield tag="024" ind1="7" ind2=" ">
    <subfield code="2">doi</subfield>
    <subfield code="a">10.1016/j.rse.2020.112025</subfield>
  </datafield>
  <datafield tag="024" ind1="8" ind2=" ">
    <subfield code="2">sideral</subfield>
    <subfield code="a">119862</subfield>
  </datafield>
  <datafield tag="037" ind1=" " ind2=" ">
    <subfield code="a">ART-2020-119862</subfield>
  </datafield>
  <datafield tag="041" ind1=" " ind2=" ">
    <subfield code="a">eng</subfield>
  </datafield>
  <datafield tag="100" ind1=" " ind2=" ">
    <subfield code="a">Montorio, R.</subfield>
    <subfield code="u">Universidad de Zaragoza</subfield>
    <subfield code="0">(orcid)0000-0001-7403-1764</subfield>
  </datafield>
  <datafield tag="245" ind1=" " ind2=" ">
    <subfield code="a">Unitemporal approach to fire severity mapping using multispectral synthetic databases and Random Forests</subfield>
  </datafield>
  <datafield tag="260" ind1=" " ind2=" ">
    <subfield code="c">2020</subfield>
  </datafield>
  <datafield tag="520" ind1="3" ind2=" ">
    <subfield code="a">Fire severity assessment is crucial for predicting ecosystem response and prioritizing post-fire forest management strategies. Although a variety of remote sensing approaches have been developed, more research is still needed to improve the accuracy and effectiveness of fire severity mapping. This study proposes a unitemporal simulation approach based on the generation of synthetic spectral databases from linear spectral mixing. To fully exploit the potential of these training databases, the Random Forest (RF) machine learning algorithm was applied to build a classifier and regression model. The predictive models parameterized with the synthetic datasets were applied in a case study, the Sierra de Luna wildfire in Spain. Single date Landsat-8 and Sentinel-2A imagery of the immediate post-fire environment were used to develop the validation spectral datasets and a Pléiades orthoimage, providing the ground truth data. The four defined severity categories – unburned (UB), partial canopy unburned (PCU), canopy scorched (CS), and canopy consumed (CC) – demonstrated high accuracy in the bootstrapped (about 95%) and real validation sets (about 90%), with a slightly better performance observed when the Sentinel-2A dataset was used. Abundance of four ground covers (green vegetation, non-photosynthetic vegetation, soil, and ash) was also quantified with moderate (~45% for NPV) or high accuracy (higher than 75% for the remaining covers). No specific pattern in the comparison of sensors was observed. Variable importance analysis highlighted the complementary behavior of the spectral bands, although the contrast between the near and shortwave infrared regions stood out above the rest. Comparison of procedures reinforced the usefulness of the approach, as RF image-derived models and the multiple endmember spectral unmixing technique (MESMA) showed lower accuracy. The capabilities for detailed mapping are reflected in the development of different types of cartography (classification maps and fraction cover maps). The approach holds great potential for fire severity assessment, and future research needs to extend the predictive modeling to other burned areas – also in different ecosystems – and analyze its competence and the possible adaptations needed.</subfield>
  </datafield>
  <datafield tag="506" ind1="0" ind2=" ">
    <subfield code="a">Access copy available to the general public</subfield>
    <subfield code="f">Unrestricted</subfield>
  </datafield>
  <datafield tag="536" ind1=" " ind2=" ">
    <subfield code="9">info:eu-repo/grantAgreement/ES/DGA/S51-17R</subfield>
  </datafield>
  <datafield tag="540" ind1=" " ind2=" ">
    <subfield code="9">info:eu-repo/semantics/openAccess</subfield>
    <subfield code="a">by-nc-nd</subfield>
    <subfield code="u">https://creativecommons.org/licenses/by-nc-nd/4.0/deed.es</subfield>
  </datafield>
  <datafield tag="590" ind1=" " ind2=" ">
    <subfield code="a">10.164</subfield>
    <subfield code="b">2020</subfield>
  </datafield>
  <datafield tag="591" ind1=" " ind2=" ">
    <subfield code="a">ENVIRONMENTAL SCIENCES</subfield>
    <subfield code="b">12 / 273 = 0.044</subfield>
    <subfield code="c">2020</subfield>
    <subfield code="d">Q1</subfield>
    <subfield code="e">T1</subfield>
  </datafield>
  <datafield tag="591" ind1=" " ind2=" ">
    <subfield code="a">IMAGING SCIENCE &amp; PHOTOGRAPHIC TECHNOLOGY</subfield>
    <subfield code="b">1 / 29 = 0.034</subfield>
    <subfield code="c">2020</subfield>
    <subfield code="d">Q1</subfield>
    <subfield code="e">T1</subfield>
  </datafield>
  <datafield tag="591" ind1=" " ind2=" ">
    <subfield code="a">REMOTE SENSING</subfield>
    <subfield code="b">1 / 32 = 0.031</subfield>
    <subfield code="c">2020</subfield>
    <subfield code="d">Q1</subfield>
    <subfield code="e">T1</subfield>
  </datafield>
  <datafield tag="592" ind1=" " ind2=" ">
    <subfield code="a">3.611</subfield>
    <subfield code="b">2020</subfield>
  </datafield>
  <datafield tag="593" ind1=" " ind2=" ">
    <subfield code="a">Computers in Earth Sciences</subfield>
    <subfield code="c">2020</subfield>
    <subfield code="d">Q1</subfield>
  </datafield>
  <datafield tag="593" ind1=" " ind2=" ">
    <subfield code="a">Soil Science</subfield>
    <subfield code="c">2020</subfield>
    <subfield code="d">Q1</subfield>
  </datafield>
  <datafield tag="593" ind1=" " ind2=" ">
    <subfield code="a">Geology</subfield>
    <subfield code="c">2020</subfield>
    <subfield code="d">Q1</subfield>
  </datafield>
  <datafield tag="655" ind1=" " ind2="4">
    <subfield code="a">info:eu-repo/semantics/article</subfield>
    <subfield code="v">info:eu-repo/semantics/acceptedVersion</subfield>
  </datafield>
  <datafield tag="700" ind1=" " ind2=" ">
    <subfield code="a">Pérez-Cabello, F.</subfield>
    <subfield code="u">Universidad de Zaragoza</subfield>
    <subfield code="0">(orcid)0000-0003-4831-4060</subfield>
  </datafield>
  <datafield tag="700" ind1=" " ind2=" ">
    <subfield code="a">Borini Alves, D.</subfield>
    <subfield code="0">(orcid)0000-0001-6658-7017</subfield>
  </datafield>
  <datafield tag="700" ind1=" " ind2=" ">
    <subfield code="a">García-Martín, A.</subfield>
    <subfield code="u">Universidad de Zaragoza</subfield>
    <subfield code="0">(orcid)0000-0003-2610-7749</subfield>
  </datafield>
  <datafield tag="710" ind1="2" ind2=" ">
    <subfield code="1">3006</subfield>
    <subfield code="2">010</subfield>
    <subfield code="a">Universidad de Zaragoza</subfield>
    <subfield code="b">Dpto. Geograf. Ordenac.Territ.</subfield>
    <subfield code="c">Área Análisis Geográfico Regi.</subfield>
  </datafield>
  <datafield tag="773" ind1=" " ind2=" ">
    <subfield code="g">249, 112025 (2020), [19 pp]</subfield>
    <subfield code="p">Remote sens. environ.</subfield>
    <subfield code="t">Remote Sensing of Environment</subfield>
    <subfield code="x">0034-4257</subfield>
  </datafield>
  <datafield tag="856" ind1="4" ind2=" ">
    <subfield code="s">3540929</subfield>
    <subfield code="u">http://zaguan.unizar.es/record/164986/files/texto_completo.pdf</subfield>
    <subfield code="y">Postprint</subfield>
  </datafield>
  <datafield tag="856" ind1="4" ind2=" ">
    <subfield code="s">2313379</subfield>
    <subfield code="u">http://zaguan.unizar.es/record/164986/files/texto_completo.jpg?subformat=icon</subfield>
    <subfield code="x">icon</subfield>
    <subfield code="y">Postprint</subfield>
  </datafield>
  <datafield tag="909" ind1="C" ind2="O">
    <subfield code="o">oai:zaguan.unizar.es:164986</subfield>
    <subfield code="p">articulos</subfield>
    <subfield code="p">driver</subfield>
  </datafield>
  <datafield tag="951" ind1=" " ind2=" ">
    <subfield code="a">2025-12-04-14:38:46</subfield>
  </datafield>
  <datafield tag="980" ind1=" " ind2=" ">
    <subfield code="a">ARTICLE</subfield>
  </datafield>
</record>
</collection>